000
00458nam a2200145Ia 4500
008
100204s9999 xx 000 0 und d
082
_b
1706
100
_a
कोकडे आणि इतर
245
_a
अभिनव भरतकला
260
_b
श्रीलेखन वाचन भांडार
_c
1957
300
_a
98
630
_a
अभिनव भरतकला
730
_a
अभिनव भरतकला
942
_c
BOOK
999
_c
446861
_d
446858